Škola kreslenia pre deti

Podrobná bibliografia
Hlavný autor: Bernfels, Alex (Autor, Ilustrátor)
Ďalší autori: Mikuláš, Roman, 1973- (Prekladateľ)
Médium: Kniha
Jazyk:slovenčina
nemčina
Fyzický popis:78 strán ilustrácie 27 cm
Vydavateľské údaje: Bratislava Ikar, a.s. - Stonožka 2017
ISBN:9788055156224
Vydanie:Druhé vydanie
Predmet:

MARC

LEADER 00000nam a2200000 a 4500
001 vtls011710234
003 SK-MaSNL
005 20260302090245.0
008 200104s2017 xo a arf 000 0 slo
015 |a SNBA2018/02 
020 |a 9788055156224  |q (brožované) 
035 |a urn:nbn:sk:snk-am00d0mu 
035 |a urn:nbn:sk:snk-am3hhmo 
035 |a 1352E2F9-FFE3-4797-87CE-7D0ED6937CBE 
040 |a SNK  |b slo  |c SNK  |e rda 
041 1 |a slo  |h ger 
044 |a xo  |c SK 
072 7 |a 74  |x Kresba. Umelecké remeslá  |2 konspekt 
072 7 |a 0/9-053.2  |x Literatúra pre deti a mládež (náučná)  |2 konspekt 
080 |a 741  |2 2011 
080 |a (0.05)  |2 2011 
080 |a 741/744-053.2  |2 2001 
080 |a (035)  |2 2011 
100 1 |a Bernfels, Alex  |4 aut  |4 ill  |9 713760 
240 1 0 |a Zeichenschule für kleine Künstler  |l Slovensky 
245 1 0 |a Škola kreslenia pre deti  |c Alex Bernfels ; preložil Roman Mikuláš 
250 |a Druhé vydanie 
264 1 |a Bratislava  |b Ikar, a.s. - Stonožka  |c 2017 
300 |a 78 strán  |b ilustrácie  |c 27 cm 
336 |a text  |b txt  |2 rdacontent 
336 |a statický obraz  |b sti  |2 rdacontent 
337 |a bez média  |b n  |2 rdamedia 
338 |a zväzok  |b nc  |2 rdacarrier 
500 |a Prvé vydanie tlač NIKARA, Krupina 
521 1 |a Pre deti od 4 rokov 
650 0 7 |a kreslenie  |2 SNKPH  |9 1239 
650 0 7 |a Drawing  |2 SNKPHeng  |9 294896 
650 0 7 |a Children's drawings  |2 SNKPH  |9 412894 
650 0 7 |a detské kresby  |2 SNKPH  |9 87886 
655 7 |a publikácie pre deti  |2 SNKPH  |9 70148 
655 7 |a Children's literature  |2 SNKPHeng  |9 276039 
655 7 |a Handbooks, manuals, etc.  |2 SNKPHeng  |9 90964 
655 7 |a príručky  |2 SNKPH  |9 74364 
700 1 |a Mikuláš, Roman,  |d 1973-  |4 trl  |9 23390 
919 |a 978-80-551-5622-4 
958 |a UP 
958 |a DE 
999 |c 1195865  |d 1197795 
952 |a SNK  |b SNK  |y PREZ  |7 0  |p 17A1304738  |o snkSB 92200  |i snk2017/26125  |8 0  |0 0  |1 0  |4 0  |d 2017-11-27  |f 1  |l 0  |r 2025-05-13 00:00:00  |w 2026-02-24 
952 |a SNK  |b SNK  |y VYP  |7 0  |p 17A1304739  |o snkSB 92200 D1  |i snk2017/26126  |8 0  |0 0  |1 0  |4 0  |d 2017-11-27  |l 0  |r 2026-02-24 22:25:55  |w 2026-02-24